| 000 | 00336nam a2200133Ia 4500 | ||
|---|---|---|---|
| 008 | 190704s9999||||xx |||||||||||||| ||und|| | ||
| 020 | _a2884790314 | ||
| 082 |
_a070.1 _bSKO/D |
||
| 100 | _aSkopec, David | ||
| 245 | 0 | _aDigital Layout for the Internet and other Media | |
| 260 |
_aSwitzerland _bAVA Pub. |
||
| 300 | _a159p | ||
| 942 | _cBK | ||
| 999 |
_c6111 _d6111 |
||